Fanmade Gigantamax Pokémon - Statistics

General Stats
  • This quiz has been taken 19 times
  • The average score is 9 of 10
Answer Stats
Picture Answer % Correct
Dugtrio
100%
Lucario
100%
Mimikyu
100%
Dragapult
94%
Pyukumuku
94%
Yanmega
94%
Dubwool
88%
Thievul
88%
Cramorant
82%
Xurkitree
76%
No matching quizzes found
Score Distribution
Percent of People with Each Score
Percentile by Number Answered
Your Score History
You have not taken this quiz